000 00351nam a2200157Ia 4500
003 0STCL
008 150530s9999 xx 000 0 und d
040 _aSTCL
_cSTCL
100 _aStaples; Ed
245 _aAmerican cinema
260 _bVoice of America
_c1973
546 _aEnglish
942 _2ddc
_cBK
999 _c68587
_d68587
005 20220125171403.0